Statistiken für Alle Normal-Pokemon (Gen 1)

Klicken Sie hier um das Quiz zu spielen!

Allgemein

  • Dieses Quiz wurde 120 mal gespielt
  • Das Durchschnittsergebnis liegt bei 15 aus 22

Antwortstatistiken

HintAntwort% Korrekt
#018Tauboss
94%
#016Taubsi
94%
#017Tauboga
93%
#022Ibitak
81%
#021Habitak
80%
#019Rattfratz
80%
#020Rattikarl
80%
#143Relaxo
73%
#052Mauzi
68%
#133Evoli
67%
#039Pummeluff
65%
#128Tauros
65%
#053Snobilikat
64%
#115Kangama
62%
#040Knuddeluff
61%
#113Chaneira
58%
#083Porenta
55%
#132Ditto
54%
#085Dodri
51%
#084Dodu
51%
#137Porygon
51%
#108Schlurp
39%

Verteilung der Resultate

Perzentil nach korrekt beantworteten Fragen

Anzahl Personen mit jedem Resultat

Ihre Resultats-Entwicklung

Sie haben dieses Quiz noch nicht gespielt